000
00321nam a2200133Ia 4500
008
191201s2010 xx 000 0 und d
100
_a
HUSAIN, Farooq
245
0
_a
Text Book of Signals and Systems
250
_a
Rep
260
_c
2010
_b
Umesh Publications
_a
N. Delhi
300
_a
706
650
_a
ECE
942
_2
ddc
_c
BB
999
_c
7320
_d
7320